000 00610nam a22002537a 4500
003 UA-OsUOA
001 22941
007 ta
008 20031229b un ||||| |||| 00| 0 ukr d
100 _aПауль Джордан и Маргарет
090 _a159.98
_bП21
942 _cBK
040 _aUA-OsUOA
_brus
_cUA-OsUOA
_dUA-OsUOA
245 _aКак сохранить твою любовь
300 _a448 с.
955 _a0
041 _arus
080 _a159.98
020 _a5-85029-049-4
260 _aМосква
_bМИРТ
_c1994
044 _aRU
650 7 _2UDC
999 _c309173
_d309173